LIBRARY & INFORMATION CENTRE, KCAET, TAVANUR

ONLINE PUBLIC ACCESS CATALOGUE (OPAC)

Computer application to library and information science / (Record no. 9095)

MARC details
000 -LEADER
fixed length control field 00447cam a2200169ua 4500
041 ## - LANGUAGE CODE
Language code of text/sound track or separate title eng
082 ## - DEWEY DECIMAL CLASSIFICATION NUMBER
Classification number 020
Item number RAM/CO
100 ## - MAIN ENTRY--AUTHOR NAME
Personal name Raman Nair, R .
245 ## - TITLE STATEMENT
Title Computer application to library and information science /
260 ## - PUBLICATION, DISTRIBUTION, ETC. (IMPRINT)
Place of publication New Delhi :
Name of publisher Ess Ess Publications ,
Year of publication 1992.
300 ## - PHYSICAL DESCRIPTION
Number of Pages 280 ; .
942 ## - ADDED ENTRY ELEMENTS (KOHA)
Koha item type Books
Holdings
Withdrawn status Lost status Damaged status Home library Current library Date acquired Full call number Accession Number Koha item type
      KAUAET KAUAET 07/04/2012 020 19348 Books
free website counter